000 00490nam a2200181Ia 4500
003 GCL
008 140319s9999 xx 000 0 ara d
040 _aGCL /
_cGCL
082 0 4 _aط
_b813.087
_bا ذ
100 1 _aاريك كاستنر
245 1 0 _aذو القبعة السوداء /
_cاريك كاستنر
700 1 _aعمار المطلبى
490 _a100 قصة
_v0
650 0 4 _aالاطفال
650 0 4 _aالقصص
650 0 4 _aقصص الاطفال
942 _2ddc
_cBK
999 _c44612
_d44612